Movie Alphabet W - Statistics

General Stats
  • This quiz has been taken 41 times
  • The average score is 11 of 16
Answer Stats
Picture Answer % Correct
WALL-E
97%
The Wizard of OZ
94%
Wonder Woman
94%
The Wolf of Wall Street
88%
Willy Wonka and the Chocolate Factory
88%
White Men Can't Jump
76%
Wall Street
74%
West Side Story
74%
Wayne's World
71%
When Harry Met Sally...
71%
The Waterboy
65%
Wedding Crashers
65%
Weekend at Bernie's
47%
The Warriors
38%
WarGames
35%
Wild in the Streets
9%
No matching quizzes found
Score Distribution
Percent of People with Each Score
Percentile by Number Answered
Your Score History
You have not taken this quiz